<?xml version="1.0" encoding="UTF-8"?>
<record
    xmlns:xsi="http://www.w3.org/2001/XMLSchema-instance"
    xsi:schemaLocation="http://www.loc.gov/MARC21/slim http://www.loc.gov/standards/marcxml/schema/MARC21slim.xsd"
    xmlns="http://www.loc.gov/MARC21/slim">

  <leader>01942nam a22001817a 4500</leader>
  <datafield tag="999" ind1=" " ind2=" ">
    <subfield code="c">25362</subfield>
    <subfield code="d">25362</subfield>
  </datafield>
  <datafield tag="020" ind1=" " ind2=" ">
    <subfield code="a">9780198060451</subfield>
  </datafield>
  <datafield tag="082" ind1=" " ind2=" ">
    <subfield code="a">320.954</subfield>
    <subfield code="b">PAR-D</subfield>
  </datafield>
  <datafield tag="100" ind1=" " ind2=" ">
    <subfield code="a">Parekh, Bhikhu                              </subfield>
  </datafield>
  <datafield tag="245" ind1=" " ind2=" ">
    <subfield code="a">Debating India</subfield>
    <subfield code="b">: essays on Indian political discourse</subfield>
  </datafield>
  <datafield tag="260" ind1=" " ind2=" ">
    <subfield code="a">New Delhi</subfield>
    <subfield code="b">Oxford University Press, </subfield>
    <subfield code="c">2015</subfield>
  </datafield>
  <datafield tag="300" ind1=" " ind2=" ">
    <subfield code="a">xix, 374p.</subfield>
  </datafield>
  <datafield tag="504" ind1=" " ind2=" ">
    <subfield code="a">Includes Index,About the author</subfield>
  </datafield>
  <datafield tag="520" ind1=" " ind2=" ">
    <subfield code="a">India has had a long tradition of public debate going back to around 1000 BCE. But surprisingly, the knowledge of its existence has largely remained confined to a small field of critics or specialists.
Debating India traces the origins and development of the Indian tradition of public debate and the various forms it took at different times in Indian history. It examines some of the major debates that occurred during the independence struggle and the ways in which they structured the conceptual and moral parameters of the Indian political imagination. The debates involved Gandhi, Tagore, Nehru, Ambedkar, and Hindu militants, and centred on the kind of country India was and should aspire to be.
Gandhi's non-violent struggle claims to provide an answer to deep differences of views and conflicts of interest. Presenting riveting accounts, such as of Einstein's views on Gandhi's philosophy of Ahims? or of Gandhi-Tagore debates, and through an imaginary dialogue between Gandhi and Osama bin Laden, Parekh critically examines the strengths and weaknesses of Gandhian philosophy. In the process, the book points to a richer and politically more realistic approach to public debate than are currently on offer.</subfield>
  </datafield>
  <datafield tag="546" ind1=" " ind2=" ">
    <subfield code="a">Gandhi, Mahatma, 1869-1948.
Debates and debating--India--History.
Statesmen--India.
India--Politics and government--20th century.</subfield>
  </datafield>
  <datafield tag="650" ind1=" " ind2=" ">
    <subfield code="a">History</subfield>
    <subfield code="v">Debates and debating</subfield>
    <subfield code="v">Gandhi, Mahatma, 1869-1948</subfield>
    <subfield code="z">India</subfield>
  </datafield>
  <datafield tag="650" ind1=" " ind2=" ">
    <subfield code="a">Politics and Government</subfield>
    <subfield code="v">20th century</subfield>
    <subfield code="v">Statesmen</subfield>
    <subfield code="z">India</subfield>
  </datafield>
  <datafield tag="942" ind1=" " ind2=" ">
    <subfield code="2">ddc</subfield>
    <subfield code="c">BK</subfield>
  </datafield>
  <datafield tag="952" ind1=" " ind2=" ">
    <subfield code="0">0</subfield>
    <subfield code="1">0</subfield>
    <subfield code="4">0</subfield>
    <subfield code="7">0</subfield>
    <subfield code="a">NASSDOC</subfield>
    <subfield code="b">NASSDOC</subfield>
    <subfield code="d">2019-03-25</subfield>
    <subfield code="e">OP</subfield>
    <subfield code="i">25/03/2019</subfield>
    <subfield code="l">0</subfield>
    <subfield code="o">320.954 PAR-D</subfield>
    <subfield code="p">50160</subfield>
    <subfield code="r">2019-08-23 00:00:00</subfield>
    <subfield code="w">2019-03-25</subfield>
    <subfield code="y">BK</subfield>
  </datafield>
</record>
